Central Library OPAC University of Rajshahi

The restless atmosphere / (Record no. 14482)

MARC details
000 -LEADER
fixed length control field 00794nam a2200253 4500
001 - CONTROL NUMBER
control field 14482
003 - CONTROL NUMBER IDENTIFIER
rucl marc code BD-RjUL
005 - DATE AND TIME OF LATEST TRANSACTION
control field 20211208235633.0
008 - FIXED-LENGTH DATA ELEMENTS--GENERAL INFORMATION
fixed length control field 140206s1953 enkab b 001 0 eng d
035 ## - SYSTEM CONTROL NUMBER
System control number (BD-RjUL)14534
040 ## - CATALOGING SOURCE
Original cataloging agency BD-RjUL
Language of cataloging eng
Transcribing agency BD-RjUL
Modifying agency BD-RjUL
041 ## - LANGUAGE CODE
Language code of text/sound track or separate title eng
082 ## - DEWEY DECIMAL CLASSIFICATION NUMBER
Classification number 551.5
Author mark and year HAR
100 1# - MAIN ENTRY--PERSONAL NAME
Personal name Hare, F. Kenneth
Fuller form of name (Frederick Kenneth),
Dates associated with a name 1919-
9 (RLIN) 33596
245 14 - TITLE STATEMENT
Title The restless atmosphere /
Statement of responsibility, etc. by F.K. Hare
260 ## - PUBLICATION, DISTRIBUTION, ETC. (IMPRINT)
Place of publication, distribution, etc. London :
Name of publisher, distributor, etc. Hutchinson University Library,
Date of publication, distribution, etc. 1953.
300 ## - PHYSICAL DESCRIPTION
Pagination viii, 192 p. :
Illustrations ill. ;
Size 19 cm
490 1# - SERIES STATEMENT
Series statement Hutchinson university library. Geography
504 ## - BIBLIOGRAPHY, ETC. NOTE
Bibliography, etc Includes bibliographical references and index
650 #0 - SUBJECT ADDED ENTRY--TOPICAL TERM
Topical term or geographic name as entry element Climatology
9 (RLIN) 45171
830 #0 - SERIES ADDED ENTRY--UNIFORM TITLE
Uniform title Hutchinson university library.
942 ## - ADDED ENTRY ELEMENTS (KOHA)
Source of classification or shelving scheme Dewey Decimal Classification
Koha item type Books
Holdings
Lost status Source of classification or shelving scheme Damaged status Not for loan Collection code Permanent Location Current Location Shelving location Date acquired Source of acquisition Cost, normal purchase price Total Checkouts Full call number Date last seen Copy number Koha item type
  Dewey Decimal Classification   Not For Loan Non-fiction Central Library, University of Rajshahi Central Library, University of Rajshahi Reading Room 22/08/1955 Orient Langmarch ltd. 6.40   551.5 HAR 1953 06/02/2014 C-1 Books
  Dewey Decimal Classification     Non-fiction Central Library, University of Rajshahi Central Library, University of Rajshahi   11/12/1965 Zeitlinger 1.05   551.5 HAR 1964 08/04/2017 C-2 Books